Statistiques concernant Traduction anglais-français n°1

Cliquez ici pour prendre le quiz!

Statistiques générales

  • Ce quiz a été pris 3 365 fois
  • Le résultat moyen est 22 sur 30

Statistiques - réponses

Noms anglaisNoms français% Correct
CatChat
99%
DogChien
98%
DolphinDauphin
97%
MonkeySinge
97%
DuckCanard
96%
PigCochon
96%
RabbitLapin
96%
BeeAbeille
95%
GiraffeGirafe
95%
TigerTigre
95%
HippopotamusHippopotame
94%
WolfLoup
94%
CowVache
94%
Tortoise/TurtleTortue
93%
SheepMouton
84%
PenguinPingouin
82%
GoatChèvre
80%
BuffaloBuffle
72%
TurkeyDinde
71%
CockCoq
65%
FlyMouche
63%
DonkeyÂne
52%
WormVer
52%
SealPhoque
42%
RavenCorbeau
41%
Sea LionOtarie
35%
DoveColombe
29%
PeacockPaon
27%
WalrusMorse
25%
BoarSanglier
18%

Distribution des résultats

Percentile par nombre de réponses

% des personnes avec chaque résultat

Votre développement - résultats

Vous n’avez pas pris ce quiz